دیوان جمیلہ / (Record no. 171597)

MARC details
000 -LEADER
fixed length control field 00678nam a22002297a 4500
005 - DATE AND TIME OF LATEST TRANSACTION
control field 20200116105233.0
010 ## - LCCN (DPL NO)
LC control number B-133778
020 ## - INTERNATIONAL STANDARD BOOK NUMBER
Terms of availability 350.00
035 ## - SYSTEM CONTROL NUMBER
System control number B-133778
037 ## - SOURCE OF ACQUISITION
Source of stock number/acquisition BPPD/Pub.
082 ## - DEWEY DECIMAL CLASSIFICATION NUMBER
Classification number 841
100 ## - MAIN ENTRY--PERSONAL NAME
Personal name جمیلہ خدا بخش
245 ## - TITLE STATEMENT
Title دیوان جمیلہ /
Statement of responsibility, etc جمیلہ خدا بخش
246 ## - VARYING FORM OF TITLE
Title proper/short title Diwani-i-Jamila vol. II (Urdu) /
Remainder of title by Jamila Khuda Bakhsh
260 ## - PUBLICATION, DISTRIBUTION, ETC. (IMPRINT)
Name of publisher, distributor, etc Khuda Bakhsh Oriental Public Library
Place of publication, distribution, etc Patna
Date of publication, distribution, etc 2004 ء
300 ## - PHYSICAL DESCRIPTION
Extent 431p.
Dimensions 22cm(Hb)
650 ## - SUBJECT ADDED ENTRY--TOPICAL TERM
Topical term or geographic name as entry element اوردو ادب
650 ## - SUBJECT ADDED ENTRY--TOPICAL TERM
Topical term or geographic name as entry element اوردو نظم
650 ## - SUBJECT ADDED ENTRY--TOPICAL TERM
Topical term or geographic name as entry element Urdu literature
650 ## - SUBJECT ADDED ENTRY--TOPICAL TERM
Topical term or geographic name as entry element Urdu poetry
942 ## - ADDED ENTRY ELEMENTS (KOHA)
Source of classification or shelving scheme Dewey Decimal Classification
Item type Urdu Bks
Classification part 841
Call number suffix ج م ی
Holdings
Withdrawn status Lost status Not for loan Collection code Home library Current library Date acquired Source of acquisition Cost, normal purchase price Full call number Barcode Copy number Cost, replacement price Koha item type
      Non-fiction Central Library Central Library 16/01/2020 BPPD/Ven. 350.00 841 ج م ی B-133778 1 350.00 Urdu Bks

© Delhi Public Library
Hit Counter
free hit counter